[Event "MPJ C18"]
[Site "?"]
[Date "2016.03.17"]
[Round "6.14"]
[White "Lizak, Jakub"]
[Black "Czajkowski, Adam"]
[Result "0-1"]
[LiveChessVersion "1.4.8"]
[BlackElo "2110"]
[WhiteElo "2176"]

1. e4 {[%clk 1:30:58]} c5 {[%clk 1:30:56]} 2. Nf3 {[%clk 1:31:23]} e6
{[%clk 1:31:21]} 3. d4 {[%clk 1:31:50]} cxd4 {[%clk 1:31:46]} 4. Nxd4
{[%clk 1:32:15]} Nc6 {[%clk 1:32:12]} 5. Nc3 {[%clk 1:32:38]} Qc7
{[%clk 1:32:33]} 6. Be3 {[%clk 1:32:29]} a6 {[%clk 1:32:52]} 7. Qf3
{[%clk 1:32:30]} Nf6 {[%clk 1:25:57]} 8. O-O-O {[%clk 1:32:36]} Bb4
{[%clk 1:02:34]} 9. Nxc6 {[%clk 1:33:01]} bxc6 {[%clk 1:01:45]} 10. Bd4
{[%clk 1:33:27]} Bd6 {[%clk 0:52:52]} 11. Be2 {[%clk 1:21:49]} Rb8
{[%clk 0:49:37]} 12. Ba7 {[%clk 0:55:54]} Rb7 {[%clk 0:41:06]} 13. Rxd6
{[%clk 0:37:33]} Qxd6 {[%clk 0:39:58]} 14. Rd1 {[%clk 0:25:47]} Qb4
{[%clk 0:35:24]} 15. Bd4 {[%clk 0:26:16]} Qxb2+ 16. Kd2 d5 {[%clk 0:28:22]} 17.
Bd3 {[%clk 0:22:04]} dxe4 {[%clk 0:22:31]} 18. Bxe4 {[%clk 0:22:18]} Nxe4+
{[%clk 0:22:03]} 19. Qxe4 {[%clk 0:22:42]} O-O {[%clk 0:20:50]} 20. Rb1
{[%clk 0:17:59]} Qa3 {[%clk 0:20:46]} 21. Rxb7 {[%clk 0:18:23]} Bxb7
{[%clk 0:21:15]} 22. Qe5 {[%clk 0:18:40]} f6 {[%clk 0:21:14]} 23. Qxe6+
{[%clk 0:19:09]} Kh8 {[%clk 0:21:20]} 24. Qd7 {[%clk 0:18:14]} Ba8
{[%clk 0:19:29]} 25. Ne4 {[%clk 0:15:44]} Qa5+ {[%clk 0:17:35]} 26. Bc3
{[%clk 0:15:27]} Qxa2 {[%clk 0:17:32]} 27. Bb4 {[%clk 0:14:12]} Qf7
{[%clk 0:13:45]} 28. Be7 {[%clk 0:12:45]} Qe8 {[%clk 0:11:14]} 29. Qc7
{[%clk 0:12:17]} Qb8 {[%clk 0:09:43]} 30. Qd7 {[%clk 0:12:11]} Qe8
{[%clk 0:09:15]} 31. Qc7 {[%clk 0:12:37]} Qb8 {[%clk 0:05:16]} 32. Qd7
{[%clk 0:12:50]} Qf4+ {[%clk 0:04:31]} 33. Kd3 {[%clk 0:03:56]} Rg8
{[%clk 0:04:59]} 34. Nd6 {[%clk 0:01:46]} h6 {[%clk 0:05:27]} 35. f3
{[%clk 0:01:15]} a5 {[%clk 0:05:05]} 36. Nf5 {[%clk 0:01:05]} Bb7
{[%clk 0:04:52]} 37. c4 {[%clk 0:00:47]} Bc8 {[%clk 0:05:06]} 0-1

[Event "MPJ C18"]
[Site "?"]
[Date "2016.03.17"]
[Round "6.15"]
[White "Kaminski, Piotr"]
[Black "Golda, Sebastian"]
[Result "1/2-1/2"]
[LiveChessVersion "1.4.8"]
[BlackElo "1941"]
[WhiteElo "1920"]

1. e4 {[%clk 1:30:57]} c5 {[%clk 1:30:52]} 2. Nf3 {[%clk 1:31:15]} d6
{[%clk 1:31:18]} 3. Bb5+ {[%clk 1:31:29]} Nc6 {[%clk 1:31:38]} 4. Bxc6+
{[%clk 1:31:38]} bxc6 {[%clk 1:32:00]} 5. O-O {[%clk 1:31:54]} e5
{[%clk 1:24:48]} 6. c3 {[%clk 1:32:10]} Bg4 {[%clk 1:24:43]} 7. h3
{[%clk 1:32:00]} Bd7 {[%clk 1:14:00]} 8. d4 {[%clk 1:30:39]} cxd4
{[%clk 1:14:16]} 9. cxd4 {[%clk 1:31:04]} exd4 {[%clk 1:13:42]} 10. Qxd4
{[%clk 1:28:30]} c5 {[%clk 1:12:26]} 11. Qd3 {[%clk 1:27:54]} Be7
{[%clk 1:05:15]} 12. Nc3 {[%clk 1:27:36]} Nf6 {[%clk 1:05:09]} 13. Bg5
{[%clk 1:26:18]} Bc6 {[%clk 1:03:25]} 14. Rad1 {[%clk 1:22:56]} O-O
{[%clk 0:54:57]} 15. Bxf6 {[%clk 0:46:46]} Bxf6 {[%clk 0:54:38]} 16. Qxd6
{[%clk 0:47:03]} Qb6 {[%clk 0:55:04]} 17. Qd2 {[%clk 0:42:53]} Bxc3
{[%clk 0:13:51]} 18. Qxc3 {[%clk 0:43:15]} Bxe4 {[%clk 0:14:16]} 19. Ne5
{[%clk 0:41:52]} Rfe8 {[%clk 0:14:37]} 20. Nc4 {[%clk 0:20:27]} Qg6
{[%clk 0:13:56]} 21. f3 {[%clk 0:19:53]} Bf5 {[%clk 0:12:52]} 22. f4
{[%clk 0:10:50]} Re2 {[%clk 0:06:03]} 23. Qf3 {[%clk 0:09:31]} Ree8
{[%clk 0:01:50]} 24. Rd6 {[%clk 0:03:49]} Be4 {[%clk 0:00:56]} 25. Qf2
{[%clk 0:04:05]} Qf5 {[%clk 0:00:40]} 26. Rfd1 {[%clk 0:03:13]} Bc2
{[%clk 0:00:39]} 27. R1d2 {[%clk 0:02:56]} Bb1 {[%clk 0:00:47]} 28. b3
{[%clk 0:02:15]} h6 {[%clk 0:00:46]} 29. R6d5 {[%clk 0:02:20]} Qf6
{[%clk 0:00:47]} 30. Rxc5 {[%clk 0:01:56]} Re4 {[%clk 0:00:45]} 31. Qf1
{[%clk 0:00:35]} Rd4 {[%clk 0:00:54]} 32. Rd5 {[%clk 0:00:36]} Rxd5
{[%clk 0:00:48]} 33. Rxd5 {[%clk 0:01:05]} Be4 {[%clk 0:00:54]} 34. Re5
{[%clk 0:00:41]} Qg6 {[%clk 0:00:50]} 35. Qf2 {[%clk 0:00:36]} Rd8
{[%clk 0:01:05]} 36. Kh2 {[%clk 0:00:39]} Qc6 {[%clk 0:00:59]} 37. Rc5
{[%clk 0:00:41]} Qg6 {[%clk 0:01:03]} 38. Rc7 {[%clk 0:02:12]} Qh5
{[%clk 0:00:35]} 39. Rxa7 {[%clk 0:02:12]} Rd1 {[%clk 0:00:57]} 40. Ra5
{[%clk 0:31:26]} Qg6 {[%clk 0:31:02]} 41. Ra7 {[%clk 0:15:47]} f6
{[%clk 0:26:46]} 42. f5 {[%clk 0:11:06]} Qg5 {[%clk 0:17:47]} 43. Re7
{[%clk 0:09:02]} Bxg2 {[%clk 0:06:09]} 44. Re1 {[%clk 0:02:20]} Rxe1
{[%clk 0:05:55]} 45. Qxe1 {[%clk 0:02:49]} Bc6 {[%clk 0:05:48]} 46. Qe6+
{[%clk 0:02:41]} Kh7 {[%clk 0:06:17]} 47. Qxc6 {[%clk 0:02:54]} Qf4+
{[%clk 0:06:41]} 48. Kg2 {[%clk 0:03:06]} Qg5+ {[%clk 0:07:02]} 49. Kf2
{[%clk 0:02:17]} Qxf5+ {[%clk 0:07:24]} 50. Qf3 {[%clk 0:02:00]} Qc2+
{[%clk 0:07:35]} 51. Kg3 {[%clk 0:01:37]} Qxa2 {[%clk 0:05:53]} 52. Nd6
{[%clk 0:01:20]} Qa1 {[%clk 0:05:48]} 53. Ne4 {[%clk 0:00:56]} Qg1+
{[%clk 0:06:13]} 54. Qg2 {[%clk 0:00:47]} Qe3+ {[%clk 0:06:42]} 55. Qf3
{[%clk 0:01:05]} Qg1+ {[%clk 0:07:11]} 56. Qg2 {[%clk 0:00:35]} Qe3+
{[%clk 0:07:40]} 57. Qf3 {[%clk 0:00:42]} Qg1+ {[%clk 0:08:09]} 58. Qg2
{[%clk 0:00:38]} Qe3+ {[%clk 0:08:38]} 1/2-1/2

[Event "MPJ C18"]
[Site "?"]
[Date "2016.03.17"]
[Round "6.16"]
[White "Litner, Igor"]
[Black "Adamczewski, Maciej"]
[Result "1-0"]
[LiveChessVersion "1.4.8"]
[BlackElo "1961"]
[WhiteElo "1883"]

1. e4 c5 2. Nf3 Nc6 3. d4 cxd4 4. Nxd4 Qb6 5. Nb3 Nf6 6. Nc3 e6 7. Bd3 a6 8. Be3
Qc7 9. O-O d6 10. f4 Be7 11. Qf3 O-O 12. Rad1 Rb8 13. g4 Re8 14. g5 Nd7 15. Rd2
b5 16. h4 Bb7 17. Rh2 Nb4 18. Qg3 Nxd3 19. cxd3 Nc5 20. Bd4 Bf8 21. f5 Nxb3 22.
axb3 b4 23. fxe6 Rxe6 24. Ne2 Rbe8 25. Nf4 R6e7 26. h5 d5 27. e5 Rxe5 28. Bxe5
Qxe5 29. Re2 Bc5+ 30. Kh2 Be3 31. Ng2 d4 32. Qxe5 Rxe5 33. Nxe3 dxe3 34. h6 Rxg5
35. hxg7 Kxg7 36. Rg1 h6 37. Rxe3 Kg6 38. d4 Bd5 39. Re5 Bxb3 40. d5 Kf6 41.
Rgxg5 hxg5 42. d6 Be6 43. Ra5 b3 44. Rxa6 Ke5 45. Rb6 f5 46. d7 Bxd7 47. Rxb3 f4
48. Rb7 Bc6 49. Rg7 Kf5 50. b4 Kg4 51. Rc7 Bd5 52. Rc5 Bb7 53. b5 Kh4 54. Rc7 Be4
55. Re7 Bd5 56. Rh7+ Kg4 57. Rd7 Be4 58. b6 f3 59. Rf7 Bd5 60. b7 f2 61. b8=Q 1-0

[Event "MPJ C18"]
[Site "?"]
[Date "2016.03.18"]
[Round "7.1"]
[White "Nowak, Kamil"]
[Black "Jarmula, Lukasz"]
[Result "1/2-1/2"]
[LiveChessVersion "1.4.8"]
[BlackElo "2387"]
[WhiteElo "2339"]

1. e4 {[%clk 1:30:57]} e5 {[%clk 1:30:55]} 2. Nf3 {[%clk 1:31:09]} Nc6
{[%clk 1:31:20]} 3. Bb5 {[%clk 1:31:06]} a6 {[%clk 1:31:45]} 4. Ba4
{[%clk 1:30:37]} Nf6 {[%clk 1:32:08]} 5. O-O {[%clk 1:30:18]} Be7
{[%clk 1:32:34]} 6. Re1 {[%clk 1:30:05]} b5 {[%clk 1:32:56]} 7. Bb3
{[%clk 1:30:33]} O-O {[%clk 1:33:18]} 8. h3 {[%clk 1:28:59]} Bb7 {[%clk 1:32:47]}
9. d3 {[%clk 1:24:32]} d5 {[%clk 1:31:49]} 10. exd5 {[%clk 1:20:39]} Nxd5
{[%clk 1:32:12]} 11. Nxe5 {[%clk 1:17:05]} Nxe5 {[%clk 1:31:19]} 12. Rxe5
{[%clk 1:17:33]} Qd6 {[%clk 1:31:31]} 13. Re1 {[%clk 1:14:38]} Rae8
{[%clk 1:31:12]} 14. Nd2 {[%clk 1:11:41]} c5 {[%clk 1:31:07]} 15. Ne4
{[%clk 1:09:57]} Qc6 {[%clk 1:19:03]} 16. a4 {[%clk 1:08:58]} Nb6
{[%clk 1:15:39]} 17. axb5 {[%clk 1:08:17]} axb5 {[%clk 1:15:58]} 18. Qf3
{[%clk 1:05:40]} c4 {[%clk 1:10:49]} 19. Ba2 {[%clk 1:04:38]} Ba8
{[%clk 0:58:05]} 20. Be3 {[%clk 1:00:06]} Nd5 {[%clk 0:48:58]} 21. Bd4
{[%clk 0:58:05]} Nb4 {[%clk 0:47:21]} 22. Qg3 {[%clk 0:51:39]} Qg6
{[%clk 0:39:22]} 23. Qxg6 {[%clk 0:51:25]} hxg6 {[%clk 0:39:34]} 24. Bb1
{[%clk 0:50:25]} f5 {[%clk 0:36:21]} 25. Nc5 {[%clk 0:45:29]} Nc6
{[%clk 0:33:57]} 26. c3 {[%clk 0:44:38]} Bxc5 {[%clk 0:20:34]} 27. Rxe8
{[%clk 0:44:44]} Rxe8 {[%clk 0:20:59]} 28. Bxc5 {[%clk 0:45:04]} Re1+
{[%clk 0:21:20]} 29. Kh2 {[%clk 0:45:25]} Bb7 {[%clk 0:21:40]} 30. dxc4
{[%clk 0:42:21]} bxc4 {[%clk 0:21:03]} 31. Kg3 {[%clk 0:40:12]} Kf7
{[%clk 0:17:45]} 32. Be3 {[%clk 0:39:47]} Bc8 {[%clk 0:12:43]} 33. Ra8
{[%clk 0:33:59]} Bb7 {[%clk 0:13:07]} 34. Ra1 {[%clk 0:34:22]} Ke8
{[%clk 0:08:22]} 35. Bg5 {[%clk 0:32:00]} Rg1 {[%clk 0:05:55]} 36. f3
{[%clk 0:28:51]} Rf1 {[%clk 0:05:32]} 37. Kf4 {[%clk 0:25:26]} Kf7
{[%clk 0:04:34]} 38. Ke3 {[%clk 0:22:48]} Re1+ {[%clk 0:04:21]} 39. Kf2
{[%clk 0:22:49]} Rd1 {[%clk 0:04:33]} 40. h4 {[%clk 0:50:24]} Kf8
{[%clk 0:33:32]} 1/2-1/2

[Event "MPJ C18"]
[Site "?"]
[Date "2016.03.18"]
[Round "7.2"]
[White "Karwowski, Kacper"]
[Black "Gajek, Radoslaw"]
[Result "0-1"]
[LiveChessVersion "1.4.8"]
[BlackElo "2435"]
[WhiteElo "2127"]

1. e4 {[%clk 1:30:58]} c5 {[%clk 1:30:54]} 2. Nf3 {[%clk 1:31:24]} e6
{[%clk 1:31:01]} 3. d4 {[%clk 1:31:35]} cxd4 {[%clk 1:31:27]} 4. Nxd4
{[%clk 1:32:01]} a6 {[%clk 1:31:55]} 5. Nc3 {[%clk 1:31:52]} Qc7 {[%clk 1:32:21]}
6. Bd3 {[%clk 1:32:17]} Nf6 {[%clk 1:32:43]} 7. O-O {[%clk 1:32:30]} b5
{[%clk 1:32:06]} 8. a3 {[%clk 1:30:48]} Bb7 {[%clk 1:32:31]} 9. Be3
{[%clk 1:25:46]} Nc6 {[%clk 1:29:12]} 10. Nxc6 {[%clk 1:20:38]} Qxc6
{[%clk 1:27:57]} 11. f3 {[%clk 1:19:57]} Bc5 {[%clk 1:26:25]} 12. Qe2
{[%clk 1:17:25]} d6 {[%clk 1:21:00]} 13. Nd1 {[%clk 1:09:20]} O-O
{[%clk 1:19:17]} 14. c4 {[%clk 1:02:14]} bxc4 {[%clk 1:18:23]} 15. Bxc4
{[%clk 1:02:37]} d5 {[%clk 1:18:37]} 16. exd5 {[%clk 1:01:58]} exd5
{[%clk 1:18:07]} 17. Bd3 {[%clk 1:01:33]} Rfe8 {[%clk 1:14:37]} 18. Qd2
{[%clk 0:55:39]} Rxe3 {[%clk 1:01:12]} 19. Nxe3 {[%clk 0:55:44]} Re8
{[%clk 1:01:37]} 20. Rfe1 {[%clk 0:55:39]} Qb6 {[%clk 1:01:46]} 21. Kf2
{[%clk 0:55:19]} Bxe3+ {[%clk 1:01:36]} 22. Rxe3 {[%clk 0:55:43]} Rxe3
{[%clk 1:02:02]} 23. Qxe3 {[%clk 0:56:04]} Qxb2+ {[%clk 1:02:30]} 24. Be2
{[%clk 0:56:17]} Qxa1 {[%clk 1:02:55]} 25. Qb6 {[%clk 0:56:41]} Qxa3
{[%clk 1:02:54]} 26. Qxb7 {[%clk 0:57:03]} Qc5+ {[%clk 1:01:49]} 27. Kf1
{[%clk 0:56:06]} g6 {[%clk 0:59:56]} 28. Qxa6 {[%clk 0:54:17]} Kg7
{[%clk 1:00:15]} 29. Qd3 {[%clk 0:45:49]} d4 {[%clk 0:57:51]} 30. Kf2
{[%clk 0:41:19]} Nd7 {[%clk 0:52:46]} 31. Qb5 {[%clk 0:23:20]} Qd6
{[%clk 0:51:06]} 32. g3 {[%clk 0:21:34]} Nc5 {[%clk 0:50:52]} 33. Bd3
{[%clk 0:21:20]} Qd5 {[%clk 0:42:47]} 34. Qc4 {[%clk 0:18:42]} Nxd3+
{[%clk 0:35:22]} 35. Qxd3 {[%clk 0:19:08]} Qa2+ {[%clk 0:35:43]} 36. Kf1
{[%clk 0:14:33]} Qa1+ {[%clk 0:36:07]} 37. Kf2 {[%clk 0:14:15]} Qb2+
{[%clk 0:32:02]} 38. Kf1 {[%clk 0:14:37]} h5 {[%clk 0:30:08]} 39. h4
{[%clk 0:11:44]} Qa1+ {[%clk 0:23:39]} 40. Kf2 {[%clk 0:42:01]} Kf6
{[%clk 0:53:37]} 41. Qe4 {[%clk 0:35:33]} Qb2+ {[%clk 0:53:27]} 42. Ke1
{[%clk 0:35:19]} Qb4+ {[%clk 0:51:40]} 43. Ke2 {[%clk 0:34:28]} Qb5+
{[%clk 0:51:51]} 44. Kd2 {[%clk 0:33:55]} Qe5 {[%clk 0:51:33]} 45. Kd3
{[%clk 0:30:00]} Qxg3 {[%clk 0:51:17]} 46. Qxd4+ {[%clk 0:29:51]} Qe5
{[%clk 0:50:44]} 47. Qd8+ {[%clk 0:25:36]} Kf5 {[%clk 0:50:45]} 48. Qg5+
{[%clk 0:24:23]} Ke6 {[%clk 0:51:08]} 49. Qc1 {[%clk 0:24:08]} Kf6
{[%clk 0:48:42]} 50. Qh1 {[%clk 0:21:26]} Qe6 {[%clk 0:47:06]} 51. Qg2
{[%clk 0:17:46]} Qb3+ {[%clk 0:43:55]} 52. Kd4 {[%clk 0:17:41]} Qa4+
{[%clk 0:41:05]} 53. Kd5 {[%clk 0:17:30]} Qxh4 {[%clk 0:39:20]} 54. Qb2+
{[%clk 0:14:38]} Ke7 {[%clk 0:39:31]} 55. Qe5+ {[%clk 0:14:39]} Kd7
{[%clk 0:39:43]} 56. Qd6+ {[%clk 0:14:34]} Ke8 {[%clk 0:39:59]} 57. Qe5+
{[%clk 0:14:19]} Qe7 {[%clk 0:40:21]} 58. Qh8+ {[%clk 0:14:45]} Kd7
{[%clk 0:40:45]} 59. f4 {[%clk 0:14:54]} Qe3 {[%clk 0:39:04]} 60. Qh6
{[%clk 0:13:14]} Qd3+ {[%clk 0:38:19]} 61. Ke5 {[%clk 0:12:34]} Qf5+
{[%clk 0:37:58]} 62. Kd4 {[%clk 0:13:02]} Ke6 {[%clk 0:38:06]} 63. Kc4
{[%clk 0:12:32]} Qf6 {[%clk 0:37:48]} 64. Kd3 {[%clk 0:12:34]} Kf5
{[%clk 0:36:53]} 65. Ke3 {[%clk 0:12:44]} Qc3+ {[%clk 0:36:45]} 66. Ke2
{[%clk 0:12:58]} Qc4+ {[%clk 0:37:09]} 67. Kf3 {[%clk 0:13:22]} Qe4+
{[%clk 0:37:34]} 68. Kg3 {[%clk 0:13:48]} Qe3+ {[%clk 0:37:56]} 69. Kg2
{[%clk 0:14:15]} Qe2+ {[%clk 0:37:51]} 70. Kh1 {[%clk 0:14:26]} Qf1+
{[%clk 0:38:16]} 71. Kh2 {[%clk 0:14:53]} Qxf4+ {[%clk 0:38:43]} 72. Qxf4+
{[%clk 0:15:20]} Kxf4 {[%clk 0:39:07]} 0-1

[Event "MPJ C18"]
[Site "?"]
[Date "2016.03.18"]
[Round "7.3"]
[White "Molenda, Marcin"]
[Black "Wisniewski, Michal"]
[Result "1/2-1/2"]
[LiveChessVersion "1.4.8"]
[BlackElo "2273"]
[WhiteElo "2142"]

1. e4 {[%clk 1:30:57]} c5 {[%clk 1:23:10]} 2. Nf3 {[%clk 1:31:10]} d6
{[%clk 1:23:23]} 3. d4 {[%clk 1:31:32]} Nf6 {[%clk 1:23:20]} 4. Nc3
{[%clk 1:31:56]} cxd4 {[%clk 1:23:43]} 5. Nxd4 {[%clk 1:32:21]} g6
{[%clk 1:23:00]} 6. Bc4 {[%clk 1:32:43]} Bg7 {[%clk 1:20:44]} 7. O-O
{[%clk 1:33:06]} O-O {[%clk 1:19:21]} 8. Re1 {[%clk 1:33:32]} Nc6
{[%clk 1:12:32]} 9. h3 {[%clk 1:33:59]} Bd7 {[%clk 1:10:23]} 10. Bb3
{[%clk 1:34:25]} Rc8 {[%clk 0:42:33]} 11. Bg5 {[%clk 1:34:50]} Re8
{[%clk 0:28:27]} 12. Nxc6 {[%clk 1:06:58]} Bxc6 {[%clk 0:21:10]} 13. Nd5
{[%clk 1:04:50]} e6 {[%clk 0:20:39]} 14. Nxf6+ {[%clk 1:04:49]} Bxf6
{[%clk 0:21:08]} 15. Bxf6 {[%clk 1:05:11]} Qxf6 {[%clk 0:21:35]} 16. c3
{[%clk 1:05:17]} Red8 {[%clk 0:21:34]} 17. Qe2 {[%clk 1:05:02]} d5
{[%clk 0:21:54]} 18. exd5 {[%clk 1:02:30]} Bxd5 {[%clk 0:22:20]} 19. Bxd5
{[%clk 1:02:56]} Rxd5 {[%clk 0:22:46]} 20. Rad1 {[%clk 1:03:19]} Rcd8
{[%clk 0:23:04]} 21. Rxd5 {[%clk 1:03:24]} Rxd5 {[%clk 0:23:33]} 22. Rd1
{[%clk 1:03:23]} Qd8 {[%clk 0:24:01]} 23. Rxd5 {[%clk 1:03:42]} Qxd5
{[%clk 0:24:31]} 24. c4 {[%clk 1:03:22]} Qd4 {[%clk 0:23:38]} 25. Qc2
{[%clk 1:03:04]} Qe5 {[%clk 0:23:01]} 26. b3 {[%clk 1:02:25]} Qe1+
{[%clk 0:23:26]} 27. Kh2 {[%clk 1:02:51]} Qe5+ {[%clk 0:23:53]} 28. Kg1
{[%clk 1:03:17]} Qe1+ {[%clk 0:24:21]} 29. Kh2 {[%clk 1:03:43]} Qe5+
{[%clk 0:24:48]} 30. Kg1 {[%clk 1:04:03]} Qe1+ {[%clk 0:23:41]} 1/2-1/2

[Event "MPJ C18"]
[Site "?"]
[Date "2016.03.18"]
[Round "7.4"]
[White "Smieszek, Wojciech"]
[Black "Niekras, Dawid"]
[Result "0-1"]
[LiveChessVersion "1.4.8"]
[BlackElo "2271"]
[WhiteElo "2182"]

1. e4 {[%clk 1:30:57]} c5 {[%clk 1:30:55]} 2. Nf3 {[%clk 1:31:16]} d6
{[%clk 1:31:20]} 3. d4 {[%clk 1:31:42]} cxd4 {[%clk 1:31:46]} 4. Nxd4
{[%clk 1:32:08]} Nf6 {[%clk 1:32:10]} 5. Nc3 {[%clk 1:32:35]} a6 {[%clk 1:32:37]}
6. Be3 {[%clk 1:32:55]} e5 {[%clk 1:33:02]} 7. Nb3 {[%clk 1:33:21]} Be6
{[%clk 1:33:27]} 8. Qd2 {[%clk 1:33:30]} Be7 {[%clk 1:33:49]} 9. O-O-O
{[%clk 1:33:39]} O-O {[%clk 1:34:12]} 10. f4 {[%clk 1:32:42]} b5 {[%clk 1:32:29]}
11. f5 {[%clk 1:30:46]} Bd7 {[%clk 1:32:44]} 12. g4 {[%clk 1:28:01]} b4
{[%clk 1:32:20]} 13. Nd5 {[%clk 1:27:22]} Nxd5 {[%clk 1:31:22]} 14. exd5
{[%clk 1:06:55]} a5 {[%clk 1:31:14]} 15. Kb1 {[%clk 1:00:00]} a4 {[%clk 1:12:01]}
16. Nc1 {[%clk 0:57:07]} Na6 {[%clk 1:09:12]} 17. h4 {[%clk 0:41:35]} Qc7
{[%clk 0:57:40]} 18. Bd3 {[%clk 0:33:01]} Nc5 {[%clk 0:45:06]} 19. Bxc5
{[%clk 0:28:20]} Qxc5 {[%clk 0:44:00]} 20. f6 {[%clk 0:25:47]} Bxf6
{[%clk 0:40:08]} 21. g5 {[%clk 0:25:43]} Be7 {[%clk 0:36:35]} 22. Rdg1
{[%clk 0:22:49]} a3 {[%clk 0:33:53]} 23. Ne2 {[%clk 0:21:15]} axb2
{[%clk 0:31:59]} 24. Kxb2 {[%clk 0:20:15]} e4 {[%clk 0:11:12]} 25. Bxe4
{[%clk 0:17:25]} Qc4 {[%clk 0:11:27]} 26. Qd3 {[%clk 0:13:40]} Rxa2+
{[%clk 0:09:33]} 27. Kc1 {[%clk 0:10:15]} Qxd3 {[%clk 0:08:53]} 28. Bxd3
{[%clk 0:10:39]} Bd8 {[%clk 0:06:10]} 29. Bc4 {[%clk 0:09:01]} Ra5
{[%clk 0:04:40]} 30. Kb2 {[%clk 0:06:03]} Bb6 {[%clk 0:04:17]} 31. Ra1
{[%clk 0:04:35]} Rfa8 {[%clk 0:04:24]} 32. Rxa5 {[%clk 0:04:32]} Rxa5
{[%clk 0:04:45]} 33. Rd1 {[%clk 0:01:01]} Bg4 {[%clk 0:02:20]} 34. Kb3
{[%clk 0:00:36]} Ra3+ {[%clk 0:02:17]} 35. Kb2 {[%clk 0:01:02]} Bxe2
{[%clk 0:01:22]} 36. Bxe2 {[%clk 0:01:27]} g6 {[%clk 0:01:14]} 37. h5
{[%clk 0:01:03]} Be3 {[%clk 0:01:04]} 38. hxg6 {[%clk 0:00:36]} hxg6
{[%clk 0:01:28]} 39. Bd3 {[%clk 0:00:38]} Bxg5 {[%clk 0:01:43]} 40. Rg1
{[%clk 0:30:40]} Bd2 {[%clk 0:31:37]} 41. Rb1 {[%clk 0:27:54]} Bc3+
{[%clk 0:32:02]} 42. Kc1 {[%clk 0:28:21]} Ra7 {[%clk 0:32:11]} 43. Kd1
{[%clk 0:27:31]} Re7 {[%clk 0:32:35]} 44. Be2 {[%clk 0:27:58]} f5
{[%clk 0:32:24]} 0-1

[Event "MPJ C18"]
[Site "?"]
[Date "2016.03.18"]
[Round "7.5"]
[White "Szostko, Jakub"]
[Black "Chomczyk, Marek"]
[Result "1-0"]
[LiveChessVersion "1.4.8"]
[BlackElo "2229"]
[WhiteElo "2228"]

1. e4 {[%clk 1:30:59]} e5 {[%clk 1:30:47]} 2. Nf3 {[%clk 1:31:23]} Nc6
{[%clk 1:31:11]} 3. Bb5 {[%clk 1:31:49]} Nf6 {[%clk 1:30:57]} 4. O-O
{[%clk 1:31:50]} Nxe4 {[%clk 1:31:20]} 5. d4 {[%clk 1:32:04]} Nd6
{[%clk 1:31:46]} 6. Bxc6 {[%clk 1:32:24]} dxc6 {[%clk 1:32:10]} 7. dxe5
{[%clk 1:32:49]} Nf5 {[%clk 1:32:32]} 8. Qxd8+ {[%clk 1:33:13]} Kxd8
{[%clk 1:32:57]} 9. Nc3 {[%clk 1:33:26]} Bd7 {[%clk 1:33:23]} 10. Rd1
{[%clk 1:33:09]} h6 {[%clk 1:31:08]} 11. b3 {[%clk 1:31:55]} Kc8 {[%clk 1:30:48]}
12. Bb2 {[%clk 1:31:27]} b6 {[%clk 1:30:39]} 13. Rd3 {[%clk 1:29:24]} Be6
{[%clk 1:26:56]} 14. Rad1 {[%clk 1:29:11]} Kb7 {[%clk 1:26:06]} 15. h3
{[%clk 1:26:29]} c5 {[%clk 1:16:47]} 16. Nd5 {[%clk 1:18:38]} g5 {[%clk 1:16:46]}
17. c4 {[%clk 1:17:48]} Ne7 {[%clk 1:16:59]} 18. Nf6 {[%clk 0:56:52]} Nc6
{[%clk 1:05:35]} 19. R3d2 {[%clk 0:54:29]} Be7 {[%clk 1:03:12]} 20. g4
{[%clk 0:51:08]} a6 {[%clk 0:59:26]} 21. Nd5 {[%clk 0:45:07]} Rag8
{[%clk 0:50:35]} 22. Kg2 {[%clk 0:41:08]} h5 {[%clk 0:42:49]} 23. Kg3
{[%clk 0:41:03]} Rh6 {[%clk 0:40:14]} 24. Nf6 {[%clk 0:38:43]} hxg4
{[%clk 0:27:10]} 25. hxg4 {[%clk 0:38:19]} Bxf6 {[%clk 0:20:43]} 26. exf6
{[%clk 0:38:46]} b5 {[%clk 0:20:12]} 27. Re2 {[%clk 0:34:00]} bxc4
{[%clk 0:09:26]} 28. Rxe6 {[%clk 0:33:13]} fxe6 {[%clk 0:07:49]} 29. f7
{[%clk 0:33:37]} Rf8 {[%clk 0:00:36]} 30. Bg7 {[%clk 0:33:33]} Rxf7
{[%clk 0:00:56]} 31. Bxh6 {[%clk 0:33:58]} c3 {[%clk 0:01:20]} 32. Rd3
{[%clk 0:30:11]} c2 {[%clk 0:01:09]} 33. Rc3 {[%clk 0:30:12]} e5 {[%clk 0:01:34]}
34. Bxg5 {[%clk 0:26:37]} e4 {[%clk 0:01:53]} 35. Ne1 {[%clk 0:26:36]} Nd4
{[%clk 0:02:21]} 36. Kg2 {[%clk 0:25:50]} Rg7 {[%clk 0:02:47]} 37. Be3
{[%clk 0:25:19]} Rxg4+ {[%clk 0:03:11]} 38. Kf1 {[%clk 0:25:30]} Rg1+
{[%clk 0:00:35]} 39. Kxg1 {[%clk 0:25:48]} Ne2+ {[%clk 0:01:01]} 40. Kg2
{[%clk 0:55:47]} Nxc3 {[%clk 0:31:26]} 41. Nxc2 {[%clk 0:56:13]} Nxa2
{[%clk 0:28:46]} 42. Bxc5 {[%clk 0:56:15]} Nc1 {[%clk 0:29:10]} 43. b4
{[%clk 0:55:32]} Nd3 {[%clk 0:29:11]} 44. Bf8 {[%clk 0:54:23]} Kc6
{[%clk 0:29:13]} 45. Kf1 {[%clk 0:52:43]} Kb5 {[%clk 0:26:24]} 46. Ke2
{[%clk 0:52:15]} Kc4 {[%clk 0:24:56]} 47. Ne3+ {[%clk 0:51:50]} Kb5
{[%clk 0:25:04]} 48. Nd5 {[%clk 0:51:35]} c6 {[%clk 0:24:50]} 49. Nc3+
{[%clk 0:50:47]} Kc4 {[%clk 0:25:19]} 50. Nxe4 {[%clk 0:50:19]} Nxb4
{[%clk 0:25:41]} 51. Nd2+ {[%clk 0:49:49]} Kb5 {[%clk 0:25:57]} 52. Bxb4
{[%clk 0:49:18]} Kxb4 {[%clk 0:26:22]} 53. Kd3 {[%clk 0:49:44]} a5
{[%clk 0:26:06]} 54. Nc4 {[%clk 0:49:39]} a4 {[%clk 0:26:18]} 55. Kd4
{[%clk 0:49:02]} Kb5 {[%clk 0:24:09]} 56. f4 {[%clk 0:48:55]} a3 {[%clk 0:24:35]}
57. Nxa3+ {[%clk 0:49:19]} Kb6 {[%clk 0:24:59]} 58. Nc4+ {[%clk 0:49:37]} Kc7
{[%clk 0:25:23]} 59. Ke5 {[%clk 0:49:44]} Kd7 {[%clk 0:25:46]} 60. Kf6
{[%clk 0:50:02]} 1-0